00000000nam 2200000za 4500
0019.652950
003CaOODSP
00520240501111247
007ta
008150407|1988||||xxc|||||     f|0| 0 fre d
020 |a0-660-54232-3
040 |aCaOODSP|bfre
041 |aeng
041 |afre
043 |an-cn---
0861 |aYX44-1985/7
1101 |aCanada.|bStatuts.
24510|aLois révisées du Canada (1985), vol. VII
260 |bStatuts, |c1988.
590 |a88-30|b1988-07-29
7760#|tRevised Statutes of Canada, 1985. Vol. VII / |w(CaOODSP)9.676797
791 |tRevised Statutes of Canada, 1985, vol. VII |eeng|w(CaOODSP)9.652949